[Event "Pobeskydi Open 2013"]
[Site "Frydek-Mistek CZE"]
[Date "2013.04.01"]
[Round "9"]
[White "Kuciel,W"]
[Black "Jirousek,Filip"]
[Result "1/2-1/2"]
[WhiteElo "2042"]
[BlackElo "1749"]

1.Nf3 Nf6 2.c4 g6 3.Nc3 Bg7 4.e4 d6 5.d4 O-O 6.Be2 e5 7.Be3 Na6 8.O-O Ng4
9.Bg5 Qe8 10.Re1 h6 11.Bh4 Nf6 12.d5 Nc5 13.Nd2 a5 14.b3 Bd7 15.a3 b6 16.Qc2 g5
17.Bg3 Qe7 18.b4 Nb7 19.Qd3 Ra7 20.Ra2 Rfa8 21.Rea1 Qd8 22.Nf1 axb4 23.axb4 Rxa2
24.Nxa2 Ra7 25.Nd2 Qa8 26.Qc2 Ra4 27.Qb2  1/2-1/2

[Event "ch-SRB w 2013"]
[Site "Pirot SRB"]
[Date "2013.04.02"]
[Round "11"]
[White "Maksimovic,S"]
[Black "Rakic,Ma"]
[Result "1-0"]
[WhiteElo "2201"]
[BlackElo "2323"]

1.d4 d6 2.Nf3 Nd7 3.c4 e5 4.Nc3 g6 5.e4 Bg7 6.Be2 Ngf6 7.O-O O-O 8.d5 Nc5
9.Nd2 a5 10.Qc2 Ne8 11.Nb3 Nxb3 12.axb3 Bd7 13.Be3 b6 14.b4 axb4 15.Nb5 f5
16.exf5 Rxa1 17.Rxa1 gxf5 18.f3 Qf6 19.Ra4 f4 20.Bf2 Bf5 21.Qd1 e4 22.Rxb4 Qg6
23.Kh1 e3 24.Be1 Bc2 25.Qc1 Bd3 26.Qd1 Bxe2 27.Qxe2 Qb1 28.h4 Nf6 29.Nc3 Qg6
30.Ra4 Qh6 31.Kg1 Nh5 32.Ne4 Bf6 33.Ra7 Bd8 34.Qd3 Ng7 35.Ng5 Re8 36.Ra8 Bxg5
37.Rxe8+ Nxe8 38.hxg5 Qxg5 39.Qe4 Qe5 40.Qxe5 dxe5 41.Bc3 e4 42.Be5 exf3
43.gxf3 Kf7 44.Bxf4 Ke7 45.Kf1 Kd7 46.Ke2 b5 47.b3 bxc4 48.bxc4 Nd6 49.Bxd6 Kxd6
50.Kxe3 c6 51.dxc6 Kxc6 52.Kd4 h5 53.Ke4 Kc5 54.Kf5  1-0

[Event "1st Hofheim Open"]
[Site "Hofheim GER"]
[Date "2013.04.04"]
[Round "4.14"]
[White "Meyner,H"]
[Black "Perske,Thore"]
[Result "1-0"]
[WhiteElo "2251"]
[BlackElo "2080"]

1.d4 Nf6 2.c4 g6 3.Nc3 Bg7 4.e4 d6 5.Nf3 O-O 6.Be2 e5 7.Be3 h6 8.O-O Ng4
9.Bc1 Nd7 10.Re1 f5 11.exf5 exd4 12.Nb5 c5 13.Nxd6 gxf5 14.Bf4 Nge5 15.Nxe5 Nxe5
16.Bxe5 Bxe5 17.Nxc8 Rxc8 18.Bf3 Qc7 19.Bd5+ Kg7 20.Qh5 Rf6 21.g3 Bd6 22.f4 Rcf8
23.Re2 b5 24.b3 Qd7 25.Rae1 a6 26.Re8 Rxe8 27.Rxe8 bxc4 28.bxc4 Kh7 29.Be6 Qb7
30.Bxf5+ Kg7 31.Qg4+ Kf7 32.Qg8+  1-0

[Event "2nd Martinique Open"]
[Site "Fort-de-France FRA"]
[Date "2013.04.05"]
[Round "6.3"]
[White "Sanikidze,T"]
[Black "Elice,Florent"]
[Result "1-0"]
[WhiteElo "2559"]
[BlackElo "2009"]

1.d4 d6 2.Nf3 Nf6 3.c4 g6 4.Nc3 Bg7 5.e4 O-O 6.Be2 Nbd7 7.O-O e5 8.Re1 h6
9.Bf1 c6 10.Rb1 a5 11.b3 Ne8 12.Bb2 f5 13.exf5 gxf5 14.dxe5 dxe5 15.Nxe5 Qc7
16.Ng6 Ne5 17.Nxf8 Kxf8 18.Ba3+ Kg8 19.f4 Be6 20.fxe5 Bxe5 21.Kh1 Bf7 22.Qf3 Ng7
23.g3 Bh5 24.Qe3 Re8 25.Bg2 Bg4 26.Qxh6 Re6 27.Qg5 Kh7 28.Bb2 Nh5 29.Rxe5 Qxe5
30.Ne4 Qc7 31.Nf6+  1-0

[Event "1st Hofheim Open"]
[Site "Hofheim GER"]
[Date "2013.04.05"]
[Round "6.24"]
[White "Seidel,J"]
[Black "Henrich,D"]
[Result "1-0"]
[WhiteElo "2083"]
[BlackElo "1835"]

1.Nf3 Nf6 2.c4 g6 3.Nc3 Bg7 4.d4 O-O 5.e4 d6 6.Be2 e5 7.d5 a5 8.h3 Na6 9.Be3 h6
10.Nd2 Qe7 11.Qc2 Bd7 12.g4 Ne8 13.O-O-O f5 14.exf5 gxf5 15.gxf5 Bxf5 16.Nde4 Nf6
17.a3 Nxe4 18.Nxe4 Kh8 19.Bd3 Rac8 20.Ng3 Bxd3 21.Qxd3 Qf7 22.Rhg1 b6 23.Rg2 Nc5
24.Qc2 Nd7 25.Rdg1 Nf6 26.Nf5  1-0

[Event "TCh-CRO II Liga 2013"]
[Site "Split CRO"]
[Date "2013.04.05"]
[Round "1.5"]
[White "Glavicic,D"]
[Black "Saric,B"]
[Result "1/2-1/2"]
[WhiteElo "1975"]
[BlackElo "1913"]

1.d4 Nf6 2.c4 g6 3.Nc3 Bg7 4.e4 d6 5.Be2 O-O 6.Nf3 e5 7.O-O exd4 8.Nxd4 Nbd7
9.f3 a5 10.Bg5 c6 11.Qd2 Qb6 12.Be3 Qc7 13.Rad1 Rd8 14.Bh6 Bh8 15.Nb3 a4
16.Nd4 b6 17.Nc2 Ne8 18.f4 Bb7 19.f5 Ne5 20.fxg6 hxg6 21.Rf2 Bc8 22.Rdf1 Be6
23.b3 axb3 24.axb3 Rd7 25.Nd4 Bg4 26.h3 Bxe2 27.Ndxe2 Ra3 28.Nd4 Qb7 29.Kh1 Qa7
30.Be3 Qa5 31.Na4 Qxd2 32.Rxd2 Nxc4 33.bxc4 Rxe3 34.Nxc6 Rxe4 35.Nxb6 Rc7
36.Nb8 Rb7 37.N8d7 Re7 38.c5 dxc5 39.Rd5 Bd4 40.Kh2 Kg7 41.h4 Nf6 42.Nxf6 Bxf6
43.Nc4 Rec7 44.g3 Rb4 45.Rc1 Be7 46.Rd3 Ra7 47.Ne5 Rab7 48.Rf3 Bf6 49.Nc4 Re7
50.Kh3 Re6 51.Rf4 Bd4 52.Rf3 f5 53.Rc2 Rb1 54.h5 Rh1+ 55.Rh2 Rd1 56.Na3 gxh5
57.Rxf5 Kg6 58.Rf3 Kg5 59.Nb5 Re3 60.Nxd4 cxd4 61.Rf8 Ra1 62.Rhf2 d3 63.Rg8+ Kh6
64.Rh8+ Kg7 65.Rff8 Re6 66.Rhg8+ Kh7 67.Rh8+ Kg7 68.Rhg8+ Kh7  1/2-1/2

[Event "FSGM April 2013"]
[Site "Budapest HUN"]
[Date "2013.04.06"]
[Round "1.2"]
[White "Kantor,G"]
[Black "Kovalev,An"]
[Result "0-1"]
[WhiteElo "2331"]
[BlackElo "2465"]

1.d4 Nf6 2.c4 d6 3.Nc3 Nbd7 4.e4 e5 5.Nf3 g6 6.Be2 Bg7 7.O-O O-O 8.Be3 Qe7
9.d5 Ng4 10.Bg5 f6 11.Bd2 a5 12.Ne1 Nh6 13.Nd3 f5 14.f3 Nf7 15.Be3 Bh6 16.Bf2 b6
17.a3 Nf6 18.b4 axb4 19.axb4 Rxa1 20.Qxa1 fxe4 21.fxe4 Bd2 22.Bf3 Ng5 23.Bh4 Nxf3+
24.Rxf3 g5 25.Nb1 Nxe4 26.Rxf8+ Qxf8 27.Nxd2 Nxd2 28.Bxg5 Nxc4 29.Qa7 Bf5
30.Nf2 Qc8 31.h3 h5 32.Qa2 b5 33.Qe2 Qe8 34.Ne4 Bxe4 35.Qxe4 Qf7 36.Qd3 Kf8
37.h4 Nb6 38.Qxb5 Nxd5 39.Qc4 Nf6 40.Qc6 Ng4 41.Qc2 e4 42.Qe2 Kg8 43.Qc2 Qd5
44.Kf1 Qb5+ 45.Ke1 Qxb4+ 46.Bd2 Qb7 47.Ba5 c5 48.Qc1 Qe7 49.Qc4+ Kf8 50.Ke2 Qe5
51.Qb5 Qf6 52.Qb8+ Kf7 53.Qb7+ Qe7  0-1

[Event "TCh-CAT Div Hon 2013"]
[Site "Catalonia ESP"]
[Date "2013.04.06"]
[Round "10.4"]
[White "Casanellas Ruano,L"]
[Black "Bergez,L"]
[Result "0-1"]
[WhiteElo "2175"]
[BlackElo "2393"]

1.d4 Nf6 2.Nf3 g6 3.c4 Bg7 4.Nc3 O-O 5.e4 d6 6.Be2 e5 7.O-O exd4 8.Nxd4 Re8
9.f3 c6 10.Nc2 Na6 11.Be3 Nh5 12.Qd2 Be5 13.Rad1 Qf6 14.Bd4 Qh4 15.Bxe5 dxe5
16.Rfe1 Be6 17.Bf1 Qe7 18.Qf2 Nb4 19.Ne3 a5 20.Rd2 Na6 21.Red1 a4 22.Nxa4 Nb4
23.b3 Ra5 24.Nc3 Rea8 25.a4 Re8 26.g3 Nf6 27.Rb1 Raa8 28.Rbd1 Nd7 29.Na2 Nxa2
30.Rxa2 Nc5 31.Rb2 Red8 32.Ra1 Nd3 33.Bxd3 Rxd3 34.Rd1 Rxd1+ 35.Nxd1 Qa3
36.Qb6 Qd6 37.Nc3 Qd3 38.Ne2 Qxf3 39.Qf2 Qxe4 40.Qg2 Qd3 41.Nc1 Qe3+  0-1

[Event "e2e4 Gatwick Open 2013"]
[Site "Crawley ENG"]
[Date "2013.04.06"]
[Round "2"]
[White "Bonafont,P"]
[Black "Payne,Matthew J"]
[Result "1/2-1/2"]
[WhiteElo "2063"]
[BlackElo "1968"]

1.d4 Nf6 2.Nf3 g6 3.c4 Bg7 4.Nc3 d6 5.e4 O-O 6.Be2 e5 7.d5 a5 8.Bg5 Na6 9.Nd2 Nc5
10.O-O Qe8 11.b3 h6 12.Be3 Nfd7 13.a3 f5 14.f3 Nf6 15.b4 axb4 16.axb4 Rxa1
17.Qxa1 Na6 18.Qa3 b6 19.c5 dxc5 20.bxc5 Nxc5 21.Bxc5 bxc5 22.Qxc5 Qd8 23.Nc4 fxe4
24.fxe4 Nd7 25.Qc6 Rxf1+ 26.Bxf1 Nf6 27.Be2 Bd7 28.Qa6 Qe7 29.Qa5 Ne8 30.Bf3 Bf8
31.Kh1 Kg7 32.Qa1 Nd6 33.Ne3 h5 34.Qa7 Nb5 35.Nxb5 Bxb5 36.Qa1 Kh7  1/2-1/2

[Event "TCh-NOR Eliteserien 2012-13"]
[Site "Haraldsheim NOR"]
[Date "2013.04.06"]
[Round "8"]
[White "Johansen,Te"]
[Black "Berg,J"]
[Result "0-1"]
[WhiteElo "2265"]
[BlackElo "2234"]

1.d4 Nf6 2.c4 g6 3.Nc3 Bg7 4.e4 d6 5.Nf3 O-O 6.Be2 e5 7.O-O Nbd7 8.Qc2 h6
9.Rd1 exd4 10.Nxd4 Re8 11.Be3 Nc5 12.f3 a5 13.Ndb5 Bd7 14.Nd5 Bxb5 15.cxb5 Nxd5
16.Rxd5 Ne6 17.Qd2 Qf6 18.Rb1 b6 19.Bc4 Kh7 20.b3 Re7 21.Qf2 a4 22.b4 Qc3
23.Bf1 Rae8 24.Rd3 Qe5 25.Rd5 Qc3 26.h4 h5 27.g3 Nf8 28.Bd2 Qc2 29.Bd3 Qxa2
30.Rc1 a3 31.Kg2 Ra8 32.Rc2 Qb3 33.Bg5 a2 34.Bc4 Qxc4 35.Rxc4 f6 36.Rd1 fxg5
37.Rc2 a1=Q 38.Rxa1 Rxa1 39.hxg5 Ne6 40.Qd2 Nd4 41.Rc4 Nxb5 42.f4 d5 43.Qxd5 Nd6
44.f5 Re5 45.fxg6+ Kxg6 46.Qc6 Rxg5 47.Rc1 Ra3 48.Qxc7 Raxg3+ 49.Kf1 Rg1+
50.Ke2 R1g2+ 51.Kf1 Nxe4 52.Qc6+ Kf5 53.Qxb6 Be5 54.b5 Rd2 55.Rc8 Rf2+ 56.Qxf2+ Nxf2
57.Kxf2 Ke4 58.Re8 Rg6 59.Re7 Rb6 60.Kg2 Kf5 61.Rf7+ Bf6 62.Rh7 Kg6 63.Ra7 Rxb5
64.Ra4 Kf5 65.Rc4 Rb2+ 66.Kf3 Rb3+ 67.Kg2 Be5 68.Ra4 Bf4 69.Ra1 Kg4 70.Re1 Rb2+
71.Kg1 Kf3 72.Rf1+ Kg3 73.Re1 Ra2 74.Kh1 Kf3 75.Rf1+ Ke3 76.Re1+ Kf2 77.Rf1+ Kg3
78.Rg1+ Kh3 79.Rg2 Ra3 80.Rg1 Rf3 81.Rg2 Bd6 82.Rg1 Bg3 83.Rg2 Rf1+ 84.Rg1 Rf6
85.Rg2 Re6 86.Rh2+ Kg4 87.Rg2 Kf3 88.Rg1 Bf4 89.Rf1+ Kg3 90.Rg1+ Kh3 91.Rg2 Re7
92.Rh2+ Kg4 93.Rg2+ Kf3 94.Rf2+ Ke3 95.Rf1 Rb7 96.Re1+ Kd3 97.Rf1 Ke4 98.Re1+ Kf5
99.Rg1 h4 100.Rf1 Kg4 101.Rg1+ Bg3 102.Rg2 h3 103.Rg1 Rf7 104.Rb1 Rf2 105.Ra1 Bf4
106.Rg1+ Kf3 107.Re1 Kg3 108.Rg1+ Rg2 109.Re1 Rh2+ 110.Kg1 Bg5 111.Re4 Ra2
112.Re1 Bd2 113.Rd1 Be3+ 114.Kh1 Rh2+  0-1

[Event "e2e4 Gatwick Open 2013"]
[Site "Crawley ENG"]
[Date "2013.04.07"]
[Round "4"]
[White "Bonafont,P"]
[Black "Zhang,Anthony Y"]
[Result "1/2-1/2"]
[WhiteElo "2063"]
[BlackElo "1773"]

1.d4 Nf6 2.Nf3 g6 3.c4 Bg7 4.Nc3 d6 5.e4 O-O 6.Be2 e5 7.d5 a5 8.Bg5 h6 9.Bh4 Na6
10.Nd2 Qe8 11.O-O Nh7 12.a3 g5 13.Bg3 f5 14.exf5 Bxf5 15.Nde4 Nf6 16.Bd3 Qg6
17.f3 b6 18.Qc2 Nxe4 19.Nxe4 Nc5 20.b4 Nxd3 21.Qxd3 Bxe4 22.fxe4 axb4 23.axb4 Rxf1+
24.Rxf1 h5 25.Bf2 Rf8 26.c5 bxc5 27.bxc5 Rf4 28.Re1 Bf8 29.cxd6 cxd6 30.g3 Rf7
31.Rc1 g4 32.Rc8 Kh7 33.Qc2 Qf6 34.Rc7 Be7 35.Qe2 Kg7 36.Bb6 Kg6 37.Rc8 Kg7
38.Kg2 Qg6 39.Rc7 Qf6  1/2-1/2

[Event "TCh-CZE Div1 Vychod 2012-13"]
[Site "Czech Republic CZE"]
[Date "2013.04.07"]
[Round "10.7"]
[White "Skaroupka,J"]
[Black "Turner,R"]
[Result "1-0"]
[WhiteElo "2188"]
[BlackElo "2099"]

1.Nf3 Nf6 2.c4 g6 3.Nc3 Bg7 4.e4 d6 5.d4 O-O 6.Be2 e5 7.Be3 exd4 8.Nxd4 Nc6
9.O-O Nxd4 10.Bxd4 Re8 11.Qc2 c5 12.Be3 Qe7 13.f3 Be6 14.Rad1 a6 15.Rd2 b5
16.Bf4 Red8 17.Rfd1 b4 18.Na4 Ne8 19.Nb6 Rab8 20.Nd5 Bxd5 21.cxd5 Bd4+ 22.Kh1 Nc7
23.Bc4 Be5 24.Bxe5 Qxe5 25.Qa4 Ra8 26.Qa5 Nb5 27.Re1 Nd4 28.Rf1 h5 29.Bd3 Qf4
30.Rdf2 h4 31.Qc7 a5 32.Ba6 a4 33.Bb7 Rab8 34.Bc6 Qe3 35.Bxa4 Ne2 36.Bd7 Ng3+
37.hxg3 hxg3 38.Rc2 f5 39.Be6+ Kh8 40.f4 Qxe4 41.Rcc1 g5 42.Qf7 Rf8 43.Qh5+ Kg7
44.Qxg5+ Kh7 45.Rce1  1-0

[Event "Open Golden Island Krk"]
[Site "Malinska CRO"]
[Date "2013.04.08"]
[Round "4.20"]
[White "Cvitan,Ena"]
[Black "Maderner,Arnulf"]
[Result "1/2-1/2"]
[WhiteElo "1644"]
[BlackElo "1772"]

1.d4 Nf6 2.c4 g6 3.Nc3 Bg7 4.e4 d6 5.Nf3 O-O 6.Be2 Nbd7 7.O-O e5 8.d5 Nc5
9.Qc2 a5 10.Be3 b6 11.a3 a4 12.Nd2 Bg4 13.Bxg4 Nxg4 14.Bxc5 bxc5 15.h3 Nh6
16.Nxa4 f5 17.Nc3 Qd7 18.b4 cxb4 19.axb4 fxe4 20.Ndxe4 Nf5 21.Ne2 Rfe8 22.N4g3 Rxa1
23.Rxa1  1/2-1/2

[Event "FSIM April 2013"]
[Site "Budapest HUN"]
[Date "2013.04.09"]
[Round "4.4"]
[White "Kjartansson,G"]
[Black "Keschitz,G"]
[Result "1-0"]
[WhiteElo "2443"]
[BlackElo "2213"]

1.d4 Nf6 2.c4 g6 3.Nc3 Bg7 4.e4 d6 5.Nf3 O-O 6.Be2 e5 7.O-O exd4 8.Nxd4 Re8
9.f3 c6 10.Kh1 Qc7 11.Bf4 Nfd7 12.Qd2 a5 13.Rad1 Na6 14.Bh6 Be5 15.f4 Bf6
16.Bf3 Ndc5 17.Nde2 Be7 18.g4 Nb8 19.Ng3 Nbd7 20.Nf5 gxf5 21.gxf5 Nf8 22.Qd4 f6
23.Bh5 Rd8 24.Qg1+ Ng6 25.Bxg6 Bf8 26.Bxh7+ Kxh7 27.Qg6+ Kh8 28.Rg1  1-0

[Event "15th Dubai Open 2013"]
[Site "Dubai UAE"]
[Date "2013.04.09"]
[Round "3.10"]
[White "Volkov,Sergey1"]
[Black "Vishnu,P"]
[Result "1-0"]
[WhiteElo "2593"]
[BlackElo "2470"]

1.d4 Nf6 2.c4 g6 3.Nc3 Bg7 4.e4 d6 5.Be2 O-O 6.Nf3 e5 7.Be3 Ng4 8.Bg5 f6
9.Bh4 Nc6 10.d5 Ne7 11.Nd2 f5 12.O-O Bf6 13.Bxg4 Bxh4 14.Bh3 c5 15.Rb1 Bg5
16.Nf3 Bh6 17.Ne1 Kh8 18.b4 b6 19.Nc2 Ng8 20.Qd3 Bf4 21.bxc5 bxc5 22.exf5 gxf5
23.Ne2 e4 24.Qa3 Be5 25.f3 exf3 26.Qxf3 Nh6 27.Nf4 Ng4 28.Bxg4 fxg4 29.Ng6+ hxg6
30.Qxf8+ Qxf8 31.Rxf8+ Kg7 32.Rbf1 Rb8 33.Ne1 Kh6 34.g3 a5 35.a4 Kg5 36.Ng2 Kh6
37.Nf4 Bd4+ 38.Kh1 Kh7 39.Ne6 Be5 40.Re8 Kh6 41.Nxc5 dxc5 42.Rxe5 Rb4 43.Rc1  1-0

[Event "2nd Jan Van Leeuwen Memorial"]
[Site "Ghent BEL"]
[Date "2013.04.09"]
[Round "3.2"]
[White "Goormachtigh,J"]
[Black "Van Melkebeke,W"]
[Result "1-0"]
[WhiteElo "2182"]
[BlackElo "1988"]

1.d4 Nf6 2.Nf3 g6 3.c4 Bg7 4.Nc3 O-O 5.e4 d6 6.Be2 e5 7.Be3 exd4 8.Nxd4 Re8
9.f3 c6 10.Bf2 d5 11.exd5 cxd5 12.O-O Nc6 13.c5 Nh5 14.Qd2 Be5 15.g3 Ng7
16.Rfd1 Be6 17.Bb5 Rc8 18.Rac1 Qf6 19.f4 Bxd4 20.Bxd4 Nxd4 21.Qxd4 Qxd4+
22.Rxd4 Nf5 23.Rd2 Red8 24.b4 h5 25.Kf2 Nh6 26.Be2 b6 27.Ba6 Ng4+ 28.Kg1 bxc5
29.Bxc8 cxb4 30.Bxe6 bxc3 31.Rxd5  1-0

[Event "FSGM April 2013"]
[Site "Budapest HUN"]
[Date "2013.04.10"]
[Round "5.4"]
[White "Csonka,B"]
[Black "Kovalev,An"]
[Result "1/2-1/2"]
[WhiteElo "2326"]
[BlackElo "2465"]

1.d4 Nf6 2.c4 g6 3.Nc3 Bg7 4.e4 d6 5.Nf3 O-O 6.Be2 e5 7.O-O c6 8.dxe5 dxe5
9.Qxd8 Rxd8 10.Nxe5 Nxe4 11.Nxe4 Bxe5 12.Bg5 Re8 13.Bf3 Bf5 14.Nf6+ Bxf6
15.Bxf6 Nd7 16.Bc3 Ne5 17.Be2 Nd3 18.Bxd3 Bxd3 19.Rfe1 Bxc4 20.Rxe8+ Rxe8
21.a3 f5 22.Rd1 Bd5 23.f3 Kf7 24.Kf2 g5 25.Re1 Be6 26.h4 h6 27.hxg5 hxg5
28.Rh1 Kg6 29.Re1 b6 30.Rd1 f4 31.Re1 Kf7 32.Rh1 Bf5 33.Re1 Rd8 34.Re5 Kg6
35.Re7 Rd1 36.Rxa7 g4 37.Rg7+ Kh6 38.Rf7 Kg5 39.Rg7+ Kh6 40.Rf7 Kg5 41.Rg7+  1/2-1/2

[Event "FSIM April 2013"]
[Site "Budapest HUN"]
[Date "2013.04.13"]
[Round "8.6"]
[White "Hujbert,F"]
[Black "Keschitz,G"]
[Result "1/2-1/2"]
[WhiteElo "2455"]
[BlackElo "2213"]

1.d4 Nf6 2.c4 g6 3.Nc3 Bg7 4.e4 d6 5.Nf3 O-O 6.Be2 e5 7.O-O exd4 8.Nxd4 Re8
9.f3 c6 10.Kh1 Nbd7 11.Bf4 Nh5 12.Bxd6 Qf6 13.Nc2 Nf4 14.c5 Nxc5 15.e5 Qg5
16.g3 Nxe2 17.Qxe2 b6 18.f4 Qd8 19.Rfd1 Ba6 20.Qe3 Nd7 21.Rd2 Qc8 22.Rad1 Bb7
23.Kg1 c5 24.Nd5 Qc6 25.Qf3 Kh8 26.Ne1 f6 27.Nxf6 Qxf3 28.Nxf3 Bxf6 29.exf6 Bxf3
30.f7 Re4 31.Be5+ Rxe5 32.fxe5 Nf8 33.e6 Nxe6 34.Rd8+ Rxd8 35.Rxd8+ Kg7 36.Rd7 a5
37.Rd6 Kxf7 38.Rxb6 Bd5 39.Ra6 Bxa2 40.Rxa5 Bb3 41.Ra7+ Kg8 42.Kf2 h5 43.Ke3 c4
44.Ke4 Nc5+ 45.Ke5 Nd3+  1/2-1/2

[Event "15th Dubai Open 2013"]
[Site "Dubai UAE"]
[Date "2013.04.13"]
[Round "7.37"]
[White "Kanter,E"]
[Black "Navalgund,N"]
[Result "1-0"]
[WhiteElo "2408"]
[BlackElo "2219"]

1.d4 Nf6 2.c4 g6 3.Nc3 Bg7 4.e4 d6 5.Nf3 O-O 6.Be2 e5 7.Be3 exd4 8.Nxd4 Re8
9.f3 c6 10.O-O d5 11.cxd5 Nxd5 12.Nxd5 cxd5 13.Rc1 a5 14.Rc5 dxe4 15.fxe4 Na6
16.Rd5 Qe7 17.Bg5 Qb4 18.Bb5 Rf8 19.a3 Qxb2 20.Be7 Nc7 21.Bxf8 Bg4 22.Qd3 Bxd4+
23.Rxd4 Nxb5 24.Rd8 Rxd8 25.Qxd8 Qd4+ 26.Qxd4 Nxd4 27.Bh6 f5 28.Be3 Ne2+
29.Kh1 Nc3 30.exf5 gxf5 31.h3 Be2 32.Rxf5 h5 33.Rxa5 Kf7 34.Kh2 Nb5 35.a4 Nd6
36.Bf4 Ne4 37.Re5 Bd3 38.Rxh5 Kg6 39.g4 Nc3 40.Rh6+ Kf7 41.a5 Nd5 42.Bd2 Nf6
43.g5 Ne4 44.Be3 Ba6 45.h4 Nc3 46.Rf6+ Ke8 47.Bd4 Nd5 48.Rd6 Ne7 49.Rf6 Nd5
50.Rf2 Bd3 51.h5 Ne7 52.Kh3 Bf5+ 53.Kg3 Bd3 54.Bf6 Nf5+ 55.Kf4 Kf7 56.Rb2 Nd6
57.Rd2  1-0

[Event "35th Italian Seniors"]
[Site "Arco ITA"]
[Date "2013.04.14"]
[Round "3.8"]
[White "Quagliarella,S"]
[Black "Gardi,G"]
[Result "0-1"]
[WhiteElo "1897"]
[BlackElo "1999"]

1.d4 Nf6 2.c4 g6 3.Nc3 Bg7 4.e4 d6 5.Be2 O-O 6.Nf3 Nbd7 7.O-O e5 8.d5 Nc5
9.Qc2 a5 10.Ne1 Nfd7 11.Nd3 f5 12.exf5 gxf5 13.f3 b6 14.Be3 Nxd3 15.Bxd3 Nc5
16.Be2 Bd7 17.a4 Qf6 18.Rad1 Kh8 19.Kh1 Be8 20.g4 Bg6 21.gxf5 Qxf5 22.Qxf5 Bxf5
23.Bxc5 bxc5 24.Bd3 Bd7 25.b3 Bh6 26.Be4 Be3 27.Rfe1 Bf4 28.Ne2 Bh6 29.Rd3 Bh3
30.f4 Bg4 31.fxe5 dxe5 32.d6 Rad8 33.dxc7 Rxd3 34.c8=Q Bxc8 35.Rb1 Re3 36.Ng3 Bf4
37.Bd5 Bxg3 38.hxg3 Bf5 39.Rb2 h5 40.Kh2 Bd3  0-1

[Event "ch-POL w 2013"]
[Site "Chorzow POL"]
[Date "2013.04.14"]
[Round "2.1"]
[White "Worek,J"]
[Black "Szczepkowska Horowska,K"]
[Result "0-1"]
[WhiteElo "2312"]
[BlackElo "2360"]

1.d4 Nf6 2.c4 d6 3.Nf3 Nbd7 4.Nc3 e5 5.e4 g6 6.Be2 Bg7 7.O-O O-O 8.Qc2 Nh5
9.Bg5 f6 10.Be3 Nf4 11.Bxf4 exf4 12.Qd2 g5 13.Ne1 f5 14.Nc2 Nf6 15.f3 fxe4
16.Nxe4 Nxe4 17.fxe4 Qe7 18.Bd3 c5 19.Rae1 cxd4 20.Nb4 Be5 21.Nd5 Qg7 22.b4 Bg4
23.c5 dxc5 24.bxc5 f3 25.Rb1 Kh8 26.Rf2 Rac8 27.Qb4 fxg2 28.Rxg2 Bf3 29.Qxb7 Bxg2
30.Qxg7+ Kxg7 31.Kxg2 Rxc5 32.a4 Rb8 33.Rb5 Rc1 34.h3 Rd1 35.Nb4 Rd2+ 36.Kg1 Bh2+
37.Kf1 Rc8 38.Ke1 Bf4  0-1

[Event "15th Dubai Open 2013"]
[Site "Dubai UAE"]
[Date "2013.04.14"]
[Round "8.3"]
[White "Volkov,Sergey1"]
[Black "Ju Wenjun"]
[Result "1/2-1/2"]
[WhiteElo "2593"]
[BlackElo "2521"]

1.d4 Nf6 2.c4 g6 3.Nc3 Bg7 4.e4 d6 5.Be2 O-O 6.Nf3 e5 7.Be3 exd4 8.Nxd4 Re8
9.f3 c6 10.Bf2 d5 11.exd5 cxd5 12.O-O Nc6 13.c5 Bf8 14.Kh1 Bd7 15.a3 Nh5
16.Qd2 Nxd4 17.Bxd4 Bc6 18.Rad1 Ng7 19.Bf2 Nf5 20.Bd3 Bh6 21.f4 d4 22.Bxf5 dxc3
23.Qxc3 Qc7 24.Bd3 Bg7 25.Bd4 Bxd4 26.Qxd4 Rad8 27.Qf2 Rd5 28.Bc4 Rxc5 29.b3 b5
30.Bd3 Rd5 31.f5 Red8 32.Bc2 Rxd1 33.Bxd1 Qd7 34.Bg4 Qe7 35.h3 Rd3 36.Qf4 Qb7
37.Rf2 Qe7 38.b4 Qe1+ 39.Kh2 Qe3 40.Qb8+ Qe8 41.Qc7 Qd7 42.Qxd7 Bxd7 43.fxg6 hxg6
44.Bxd7 Rxd7 45.Rf6 Kg7 46.Ra6 Kh6 47.Ra5 Rb7 48.Kg3 f5 49.Kf4 Kh5 50.Ra6 Rf7
51.Rc6 g5+ 52.Kf3 f4 53.Rc8 Re7 54.Rc3  1/2-1/2

[Event "13th BCC Open 2013"]
[Site "Pattaya THA"]
[Date "2013.04.15"]
[Round "3.7"]
[White "Zhao Zong Yuan"]
[Black "Lavrov,Ma1"]
[Result "1-0"]
[WhiteElo "2537"]
[BlackElo "2403"]

1.d4 Nf6 2.c4 g6 3.Nc3 Bg7 4.e4 d6 5.Nf3 O-O 6.Be2 e5 7.O-O exd4 8.Nxd4 Re8
9.f3 c6 10.Nc2 Na6 11.Kh1 Be6 12.Bg5 Qb6 13.Qd2 d5 14.Be3 Qc7 15.cxd5 cxd5
16.Nb5 Qb8 17.e5 Nd7 18.f4 Ndc5 19.Bf3 Rd8 20.Ncd4 Bf8 21.Rac1 Ne4 22.Qe2 Bd7
23.Nb3 b6 24.Nc3 Nxc3 25.bxc3 Nc7 26.c4 Be8 27.Nd4 Qb7 28.f5 Rac8 29.Bg5 Ba3
30.Rcd1 Ba4 31.Rd3 Bc5 32.Bxd8 Rxd8 33.e6 fxe6 34.Nxe6  1-0

[Event "ch-POL w 2013"]
[Site "Chorzow POL"]
[Date "2013.04.18"]
[Round "6.3"]
[White "Rajlich,I"]
[Black "Szczepkowska Horowska,K"]
[Result "1-0"]
[WhiteElo "2406"]
[BlackElo "2360"]

1.Nf3 Nf6 2.c4 d6 3.d4 Nbd7 4.Nc3 e5 5.e4 g6 6.Be2 Bg7 7.O-O O-O 8.Be3 Re8
9.dxe5 Nxe5 10.Nxe5 dxe5 11.Qxd8 Rxd8 12.Rfd1 Bd7 13.f3 c6 14.Rd2 Re8 15.Rad1 Be6
16.g4 Bf8 17.h4 Be7 18.a3 b6 19.Na2 Red8 20.Rxd8+ Rxd8 21.Rxd8+ Bxd8 22.Nb4 Bd7
23.c5 b5 24.Bg5 Kg7 25.a4 bxa4 26.Bd1 h6 27.Be3 Ba5 28.Na6 a3 29.bxa3 Ng8
30.Ba4 Ne7 31.Nb4 f6 32.g5 hxg5 33.hxg5 Kf7 34.Bb3+ Be6 35.Ba4 Bxb4 36.axb4 Bc4
37.Kf2 f5 38.Bc1 Ke6 39.Bb2 a6 40.Ke3 Ba2 41.Kd2 Bc4 42.Ba1 f4 43.Bd1 Nc8
44.Kc3 Bf1 45.Bb3+ Ke7 46.Kd2 Na7 47.Bxe5 Nb5 48.Bxf4 Bg2 49.Bd1 Nd4 50.Ke3 Nb5
51.Be5 Bh3 52.Bf6+ Kf7 53.Bc2 Be6 54.Bd3 Na3 55.Kd4 Nb5+ 56.Ke5 Bh3 57.Bc4+ Ke8
58.f4 Bg4 59.f5 Bh5 60.Kf4 Kf8 61.Bb2 Ke7 62.Bg7 gxf5 63.exf5 Nc7 64.Be5 Nb5
65.g6  1-0

[Event "35th Italian Seniors"]
[Site "Arco ITA"]
[Date "2013.04.20"]
[Round "9.5"]
[White "Spano Cuomo,G"]
[Black "Iudicello,G"]
[Result "0-1"]
[WhiteElo "1797"]
[BlackElo "2127"]

1.d4 Nf6 2.c4 g6 3.Nc3 Bg7 4.Nf3 d6 5.e4 O-O 6.Be2 e5 7.dxe5 dxe5 8.O-O c6
9.Qc2 Qe7 10.h3 Nbd7 11.Be3 Ne8 12.a3 a5 13.Bg5 f6 14.Bh4 Nc7 15.Nh2 Ne6
16.b3 Nd4 17.Qa2 Nc5 18.Rab1 h5 19.f3 Nce6 20.Rfd1 Nf4 21.Bf1 Kh8 22.Ne2 Nfxe2+
23.Bxe2 Nxe2+ 24.Qxe2 Qxa3 25.Be1 Qe7 26.g4 hxg4 27.hxg4 Be6 28.Nf1 Rfd8
29.Rxd8+ Rxd8 30.Ne3 b6 31.Bc3 Bh6 32.Qh2 Kg7 33.Nd1 Qc5+ 34.Kf1 Bf4 35.Qe2 a4
36.Nb2 axb3 37.Rd1 Rh8 38.Qd3 Rh1+ 39.Ke2 Rh2+  0-1

[Event "Zonal 2.5 2013"]
[Site "Montevideo URU"]
[Date "2013.04.21"]
[Round "4.5"]
[White "Saralegui,M"]
[Black "Salinas Herrera,P"]
[Result "0-1"]
[WhiteElo "2146"]
[BlackElo "2401"]

1.d4 Nf6 2.c4 g6 3.Nc3 Bg7 4.e4 d6 5.Nf3 O-O 6.Be2 e5 7.dxe5 dxe5 8.Qxd8 Rxd8
9.Nd5 Nxd5 10.cxd5 c6 11.Bc4 h6 12.Be3 cxd5 13.Bxd5 Nc6 14.O-O Ne7 15.Bb3 b6
16.Nd2 Bb7 17.f3 Rd3 18.Rfe1 Rc8 19.Nc4 Ba6 20.Na3 Nc6 21.Rac1 Rdd8 22.Red1 Nd4
23.Rxc8 Rxc8 24.Bd5 Bf8 25.Kf2 Kg7 26.Rc1 Bc5 27.Nc4 Ne6 28.Bxc5 Rxc5 29.Rc3 Bxc4
30.Rxc4 Rxc4 31.Bxc4 Nc5 32.b4 Nb7 33.Ke3 Nd6 34.Bd3 Kf6 35.g3 Ke6 36.f4 f6
37.h4 Ke7 38.Kf3 Nf7 39.Bc4 Nd6 40.Bd3 Kf7 41.Ke3 Ke7 42.Kf3 a5 43.bxa5 bxa5
44.g4 g5 45.hxg5 hxg5 46.fxg5 fxg5 47.Ke3 Kd7 48.Kd2 Kc6 49.Kc3 Kc5 50.Ba6 Nxe4+
51.Kd3 Nf6 52.Bc8 e4+  0-1

[Event "TCh-HUN 2012-13"]
[Site "Nagykanizsa HUN"]
[Date "2013.04.21"]
[Round "9"]
[White "Flumbort,A"]
[Black "Veszpremi,A"]
[Result "1-0"]
[WhiteElo "2503"]
[BlackElo "2261"]

1.d4 Nf6 2.c4 g6 3.Nc3 Bg7 4.e4 d6 5.Be2 O-O 6.Nf3 e5 7.O-O exd4 8.Nxd4 Nc6
9.Be3 Re8 10.f3 Nd7 11.Qd2 Nc5 12.Rad1 Ne6 13.Nc2 b6 14.b3 Bb7 15.Nd5 a5
16.Kh1 Ne7 17.Bf2 Qd7 18.Rfe1 Nxd5 19.cxd5 Nc5 20.Nd4 Ba6 21.Bxa6 Rxa6 22.a3 Rea8
23.Qc2 a4 24.b4 Nb3 25.Nc6 Re8 26.Bg3 Raa8 27.h3 f6 28.f4 Rf8 29.Kh2 Rae8
30.Qc4 Kh8 31.e5 fxe5 32.fxe5 dxe5 33.Nxe5 Qf5 34.Qxc7 Rc8 35.Qd7 Qc2 36.Nf7+ Kg8
37.Nd6 Rc7 38.Qe6+ Kh8 39.Ne8  1-0

[Event "62nd ch-BUL 2013"]
[Site "Bankya BUL"]
[Date "2013.04.22"]
[Round "6.3"]
[White "Ivanova,Si"]
[Black "Bednikova,S"]
[Result "0-1"]
[WhiteElo "1964"]
[BlackElo "2058"]

1.d4 Nf6 2.c4 g6 3.Nc3 Bg7 4.e4 d6 5.Nf3 O-O 6.Be2 e5 7.d5 a5 8.Bg5 h6 9.Bh4 Na6
10.Nd2 Nc5 11.O-O c6 12.b3 Qc7 13.a3 Ne8 14.Rb1 f5 15.f3 Na6 16.b4 axb4 17.axb4 c5
18.Nb5 Qf7 19.bxc5 Nxc5 20.Nb3 g5 21.Bf2 b6 22.Nc1 Qg6 23.Nc3 fxe4 24.fxe4 Nxe4
25.Nxe4 Qxe4 26.Bd3 Qg4 27.Qxg4 Bxg4 28.Rxb6 e4 29.Bxe4 Rxf2 30.Rxf2 Bd4
31.Rb1 Nf6 32.Bd3 Rf8 33.Rb2 Bd1 34.Kh1 Bxf2 35.Rxf2 Ng4 36.Rb2 Ne5 37.Kg1 Rc8
38.h3 Ra8 39.Rb1 Nxd3 40.Nxd3 Bc2 41.Rb6 Bxd3 42.Rxd6 Bxc4 43.Rxh6 Kg7 44.Rd6 Ra2
45.Rd7+ Kf6 46.h4 g4 47.g3 Rd2 48.d6 Bb5 49.Rd8 Bc6 50.Rg8 Rg2+ 51.Kf1 Rxg3
52.Kf2 Rf3+ 53.Ke1 Rg3 54.h5 Bd7 55.Rg6+ Ke5 56.h6 Rh3 57.Kf2 Bf5 58.d7 Bxd7
59.Ra6 Be6 60.Ra5+ Kf6 61.Kg2 Rxh6 62.Kg3 Rh3+ 63.Kg2 Bf5 64.Ra6+ Kg5 65.Ra4 Re3
66.Kf2 Re4 67.Ra5 Kf4 68.Ra3 Rb4 69.Rc3 Rb2+ 70.Kg1 Be4 71.Ra3 Bf3 72.Ra4+ Kg3
73.Ra1 Rg2+ 74.Kf1 Rh2  0-1